000 00310nam a2200133Ia 4500
005 20251222144631.0
008 251222s9999||||xx |||||||||||||| ||spa||
020 _a978-987-1165-77-3
082 _a891.36/T68S
100 _aTolstoi, León
245 0 _aLa Sonata a Kreutzer:
264 _bAgebe
942 _cLIB
999 _c16301
_d16301